Texas Rangers Trivia - Statistics

General Stats
  • This quiz has been taken 373 times
    197 since last reset
  • The average score is 11 of 14
Answer Stats
Hint Answer % Correct
Catcher known as "Pudge" Iván Rodríguez
97%
Suburb in which the Rangers' stadium is located Arlington
95%
Pitcher who threw his seventh no-hitter at age 44 Nolan Ryan
92%
Player who signed a record $252 million contract in 2000 Alex Rodriguez
90%
Third baseman whose number (29) was retired in 2019 Adrián Beltré
87%
Famous politician who was a team executive from 1989–1994 George W. Bush
84%
2010 league MVP who hit .359 with 32 homers Josh Hamilton
81%
Since joining the team in 2022, this shortstop has hit at least 30 home runs each year Corey Seager
78%
Former slugger nicknamed "Juan Gone" Juan Gonzalez
77%
Japanese pitcher who was an All-Star each year from 2012–2014 Yu Darvish
77%
Former player with the same name as a famous country singer – "gotta know when to hold 'em, gotta know when to fold 'em" Kenny Rogers
63%
Former city and name of the team from 1961–1971 Washington Senators
61%
Shortstop who had 200 or more hits six times during his Texans career from 2000–2012 Michael Young
53%
The only MLB team with a longer active championship drought than the Texans Cleveland Guardians
51%
No matching quizzes found
Score Distribution
Percent of People with Each Score
Percentile by Number Answered
Your Score History
You have not taken this quiz since the last reset